000 00707nas a2200253 4500
001 BR8107259
003 BR-BrBNA
005 20231205084903.0
007 ta
008 230509b bl.|||p| |||| 00| 00por d
040 _aBR-BrBNA
_bpor
_cBiblioteca Nacional de Agricultura
041 _a(Pt)
072 _aL20
100 1 _aVoss, W.A.
100 1 _aKonrad, H.G.
245 1 _aCervo: um ginasta do pantanal [Rio Grande do Sul, Brasil]
650 _aVEADO
650 _aHABITAT
650 _aPANTANO
650 _aRIO GRANDE DO SUL
773 0 _tNatureza em Revista (Brazil)
_xISSN 0100-4700
_g(1981), no. 8 p. 16-20
_wBR8107259
909 _a202311
_bLúcia
_c55
_dLúcia Elande
942 _2AGRIS
_n0
_cANA
999 _c107905
_d107905